| 000 | 00716nam a2200193Ia 4500 | ||
|---|---|---|---|
| 003 | GCL | ||
| 005 | 20240530103442.0 | ||
| 008 | 140319s9999 xx 000 0 ara d | ||
| 020 | _a9772151308 | ||
| 040 |
_aGCL / _cGCL |
||
| 082 | 0 | 4 |
_a027 _bح ا |
| 100 | 1 | _aحامد الشافعى دياب | |
| 245 | 1 | 0 |
_aادارة المكتبات الجامعية : _bاسسها التظرية و تطبيقاتها / _cحامد الشافعى دياب |
| 260 |
_aالقاهرة : _bدار غريب للطباعة والنشر والتوزيع |
||
| 300 |
_a511 ص: _bايض.,جداول ؛ _c24 سم |
||
| 650 | 0 | 4 | _aالمكتبات الجامعية - ادارة |
| 650 | 0 | 4 | _aالمكتبات، علم |
| 942 |
_2ddc _cBK |
||
| 999 |
_c39511 _d39511 |
||